| 000 | 01087cam a2200253 a 4500 | ||
|---|---|---|---|
| 001 | 000010658 | ||
| 005 | 20200929162250.0 | ||
| 008 | 831220s1971 mx a 000 0 spa d | ||
| 040 |
_aDO-SdBNP _bspa _cLC _dBNPHU |
||
| 082 |
_a510 _bJ41m |
||
| 100 | 0 |
_aJauffred _bM., Francisco J. _925811 |
|
| 245 | 1 | 0 |
_aMétodos de optimización : _bprogramación lineal-gráficas / _cFrancisco J. Jauffred M., Alberto Moreno Bonett y J. Jésus Acosta F. |
| 260 |
_aMéxico, D. F. : _bRepresentaciones y Servicios de Ingeniería, _c1971. |
||
| 300 |
_aix, 720 p. : _bil. ; _c23 cm. |
||
| 490 | 1 |
_aMétodos para el Análisis de Sistemas de Ingeniería : _aDecisiones bajo Corteza, _vv. 2 |
|
| 650 | 4 |
_aOptimización matemática _925812 |
|
| 650 | 4 |
_aInvestigación operacional _925813 |
|
| 650 | 4 |
_aAnálisis de redes (planificación) _95472 |
|
| 700 | 1 |
_aMoreno Bonett, Alberto _925814 |
|
| 700 | 1 |
_aAcosta Flores, J. Jésus _925815 |
|
| 830 | 0 |
_aMétodos para el Análisis de Sistemas de Ingeniería : _aDecisiones bajo Corteza, _vv. 2 _925816 |
|
| 910 | _aCatalogación por copia / LC | ||
| 049 | _aBNGR | ||
| 999 |
_c10413 _d10413 |
||